[Event "XXXV Open"]
[Site "La Roda ESP"]
[Date "2008.03.22"]
[Round "7"]
[White "Granda Zuniga,J"]
[Black "Marholev,D"]
[Result "1/2-1/2"]
[WhiteElo "2588"]
[BlackElo "2401"]

1.d4 Nf6 2.c4 g6 3.Nf3 Bg7 4.g3 c5 5.d5 b5 6.cxb5 Qa5+ 7.Bd2 Qxb5 8.Nc3 Qb6
9.e4 O-O 10.Bc4 d6 11.O-O Ba6 12.b3 Ng4 13.Rb1 Nd7 14.a4 Nge5 15.Nb5 Nxf3+
16.Qxf3 Ne5 17.Qe3 Bc8 18.Bc3 Bh3 19.Rfc1 a6 20.Na3 h5 21.Be2 Qd8 22.f4 Bh6
23.Nc4 Ng4 24.Qd3 Kh7 25.Bf1 Bxf1 26.Rxf1 Bg7 27.e5 Nh6 28.Rbe1 Rb8 29.Ba5 Qd7
30.Bb6 Qf5 31.Rf3 Qxd3 32.Rxd3 Rb7 33.a5 Rd7 34.Kg2 Nf5 35.Re4 Bh6 36.Nd2 g5
37.fxg5 Bxg5 38.Nf3 Bh6 39.Kh3 Rg8 40.Nh4 Bg7 41.Rf3 Nh6 42.e6 fxe6 43.Rxe6 Bf6
44.Ng2 Nf7 45.Rfxf6 exf6 46.Rxf6 Rg4 47.Nf4 Ng5+ 48.Kg2 h4 49.Ne6 h3+ 50.Kf1 Nxe6
51.dxe6 Rdg7 52.e7 Rxe7 53.Rxd6 Rg5 54.Rf6 Kg7 55.Rf3 Rge5 56.g4 Rf7 57.Kf2 Rxf3+
58.Kxf3 Kg6 59.Kg3 Re3+ 60.Kh4 Rc3 61.Ba7 Rc2 62.Kxh3 Kg5 63.Kg3 Rc3+ 64.Kf2 Kxg4
65.Ke2 Rxb3 66.Bxc5 Rb2+ 67.Ke3 Rxh2 68.Ke4 Rh5 69.Bb6 Rb5 70.Bd8 Kh5 71.Bb6 Kg6
72.Bc7 Kf6 73.Kd4 Ke6 74.Kc4 Kd7 75.Bb6 Kc6 76.Kc3 Rf5 77.Kc4 Rf4+ 78.Bd4 Rg4
79.Kc3 Kb5 80.Bb6 Rg3+ 81.Kd4 Ra3 82.Bc7 Ra1 83.Bb6 Kb4 84.Kd3 Rd1+ 85.Ke2 Rd7
86.Ke3 Kc4 87.Kf4 Re7 88.Kf3 Kd5 89.Kf4 Re5 90.Bc7 Re4+ 91.Kf3 Kd4 92.Bd8 Kd3
93.Bb6 Re5 94.Kf4 Re4+ 95.Kf5  1/2-1/2

[Event "XXXV Open"]
[Site "La Roda ESP"]
[Date "2008.03.23"]
[Round "8"]
[White "Ivanov,Jo"]
[Black "Granda Zuniga,J"]
[Result "1/2-1/2"]
[WhiteElo "2371"]
[BlackElo "2588"]

1.d4 Nf6 2.c4 e6 3.Nc3 Bb4 4.e3 c5 5.Bd3 Nc6 6.Ne2 d5 7.cxd5 Nxd5 8.O-O cxd4
9.exd4 O-O 10.Nxd5 Qxd5 11.Be3 Rd8 12.Qc2 h6 13.Rfd1 Bd6 14.a3 Ne7 15.Bh7+ Kh8
16.Be4 Qb5 17.Bf4 Bxf4 18.Nxf4 Bd7 19.Qc5 Qxc5 20.dxc5 Bc6 21.Bxc6 Nxc6 22.b4 a5
23.Rxd8+ Rxd8 24.b5 Nd4 25.Rb1 g5 26.Nd3 Ne2+ 27.Kf1 Nc3 28.Ne5 Kg7 29.Rc1 Nxb5
30.a4 Nd4 31.Rb1 Rd5 32.Nd3 e5 33.Rxb7 e4 34.Ne1 Rxc5 35.Re7 Ne6 36.Ra7 Rc1
37.Ke2 Ra1 38.Rxa5 Nf4+ 39.Kd2 Ra2+ 40.Nc2 Rb2 41.Rb5 Ra2 42.Rb4 Nd3 43.Rd4 Nc5
44.Rc4  1/2-1/2

[Event "XXI Open"]
[Site "Benidorm ESP"]
[Date "2008.04.27"]
[Round "3"]
[White "Granda Zuniga,J"]
[Black "Cossin,S"]
[Result "0-1"]
[WhiteElo "2609"]
[BlackElo "2451"]

1.d4 Nf6 2.c4 g6 3.Nf3 Bg7 4.g3 O-O 5.Bg2 d6 6.O-O Nbd7 7.Nc3 e5 8.e4 a6
9.Re1 exd4 10.Nxd4 Ng4 11.Bf1 Qf6 12.Qxg4 Qxd4 13.Be3 Qf6 14.Qe2 c6 15.Rad1 Qe7
16.Qd2 Ne5 17.Be2 Bg4 18.Bd4 Bxe2 19.Qxe2 Qe6 20.b3 c5 21.Bxe5 Bxe5 22.Nd5 Rab8
23.Kg2 b5 24.Rc1 Rb7 25.Qd2 b4 26.f4 Bg7 27.Qf2 Re8 28.e5 dxe5 29.Qxc5 e4
30.Rcd1 Rc8 31.Qa5 Bf8 32.Ne3 Bc5 33.Rd5 Qc6 34.Ng4 Bb6 35.Qxb4 Bf2 36.Nf6+ Kh8
37.Qc3 Bxe1 38.Qd4 e3 39.Kf1 Ba5 40.Ne4+ f6 41.Rxa5 e2+ 42.Ke1 Kg7 43.Rd5 Re7
44.Nc3 Rce8 45.g4 Qe6 46.g5 Qh3 47.gxf6+ Kh6 48.fxe7 Rxe7 49.Qd1  0-1

[Event "XXI Open"]
[Site "Benidorm ESP"]
[Date "2008.04.30"]
[Round "6"]
[White "Petrov,Marij"]
[Black "Granda Zuniga,J"]
[Result "0-1"]
[WhiteElo "2489"]
[BlackElo "2609"]

1.e4 c6 2.d4 d5 3.Nc3 g6 4.h3 dxe4 5.Nxe4 Nd7 6.Nf3 Ngf6 7.Nxf6+ Nxf6 8.Bd3 Bg7
9.O-O O-O 10.Re1 b6 11.Qe2 e6 12.c3 Bb7 13.Ba6 Bxa6 14.Qxa6 Qc7 15.Ne5 Nd5
16.Bd2 c5 17.c4 Nb4 18.Bxb4 cxb4 19.Qb5 Qd6 20.Rad1 Rfd8 21.Nc6 Rdc8 22.Nxb4 a6
23.Nxa6 Bxd4 24.Rd2 Qf4 25.Rc2 Rd8 26.b4 h5 27.c5 bxc5 28.Nxc5 Ra3 29.Nb3 Ba7
30.Qb7 Rb8 31.Qd7 Rxb4 32.Qe7 Kg7 33.Nc5 Bxc5 34.Qxc5 Rba4 35.Ree2 h4 36.Qe7 Rd3
37.Re1 Rd5 38.Rce2 Rf5 39.Rd1 Rd4 40.Rf1 Rfd5 41.Qa3 Rd1 42.Ree1 R1d2 43.Qc3+ Qd4
44.Qb3 Rf5 45.Re3 Rdxf2 46.Rxf2 Qa1+ 47.Kh2 Rxf2 48.a4 Rf4 49.Qb7 Rf1  0-1

[Event "XXI Open"]
[Site "Benidorm ESP"]
[Date "2008.05.02"]
[Round "8"]
[White "Lauber,A"]
[Black "Granda Zuniga,J"]
[Result "0-1"]
[WhiteElo "2434"]
[BlackElo "2609"]

1.d4 d5 2.c4 c6 3.Nf3 Nf6 4.Nc3 e6 5.e3 a6 6.b3 Bb4 7.Bd2 Nbd7 8.Bd3 O-O
9.O-O dxc4 10.Bxc4 Qe7 11.Qc2 b5 12.Bd3 Bb7 13.Ne4 Nd5 14.Nc5 Nxc5 15.dxc5 Bxc5
16.Bxh7+ Kh8 17.Be4 Bd6 18.Qb2 b4 19.Ne5 Kg8 20.Nc4 Bc7 21.a3 a5 22.f4 Rfd8
23.axb4 axb4 24.Rxa8 Rxa8 25.Ra1 Qd8 26.Ra2 c5 27.Bf3 Bc6 28.Qa1 Rxa2 29.Qxa2 Bb5
30.Be2 Nb6 31.Qc2 Nxc4 32.Bxc4 Bxc4 33.bxc4 b3 34.Qb2 Ba5  0-1

[Event "XXI Open"]
[Site "Benidorm ESP"]
[Date "2008.05.04"]
[Round "10"]
[White "Burmakin,V"]
[Black "Granda Zuniga,J"]
[Result "1-0"]
[WhiteElo "2615"]
[BlackElo "2609"]

1.d4 Nf6 2.c4 e6 3.Nf3 b6 4.g3 Bb7 5.Bg2 Be7 6.Nc3 Ne4 7.Bd2 O-O 8.d5 Nxd2
9.Qxd2 Re8 10.O-O exd5 11.cxd5 Bb4 12.Nd4 c5 13.Ndb5 Bxc3 14.bxc3 d6 15.a4 Na6
16.Qf4 Re5 17.Na3 Bxd5 18.Bxd5 Rxd5 19.e4 Re5 20.Nc4 Re6 21.Rad1 Qe7 22.Nxd6 g6
23.Qd2 Nc7 24.f4 Ne8 25.Qd5 Nc7 26.Qd3 Ne8 27.e5 Nxd6 28.exd6 Qd7 29.f5 Re5
30.f6 Rae8 31.Qd2 g5 32.Rde1 h6 33.Rxe5 Rxe5 34.Rd1 Re6 35.h4 Rxf6 36.hxg5 Rg6
37.Qf4 Rxg5 38.Rd2 Rg6 39.Qe5 Re6 40.Qd5 Kg7 41.Kh2 Re3 42.Qc4 f6 43.Qf4 Re5
44.Kg1 h5 45.Kh2 Re8 46.Rf2 Qe6 47.Rd2 Rd8 48.Kg2 Qe5 49.Rd5  1-0

[Event "Capo d'Orso Open"]
[Site "Porto Mannu Palau ITA"]
[Date "2008.05.18"]
[Round "2"]
[White "Granda Zuniga,J"]
[Black "Hillarp Persson,T"]
[Result "1/2-1/2"]
[WhiteElo "2609"]
[BlackElo "2491"]

1.d4 d5 2.c4 c6 3.Nf3 Nf6 4.e3 Bf5 5.Nc3 e6 6.Nh4 Be4 7.f3 Bg6 8.Qb3 Qb6
9.Nxg6 hxg6 10.Bd2 Nbd7 11.O-O-O Qxb3 12.axb3 Bd6 13.h3 Nh5 14.Bd3 Ng3 15.Rhe1 a6
16.Kc2 O-O-O 17.Ra1 Nf6 18.Na4 Nd7 19.e4 dxe4 20.fxe4 e5 21.c5 Be7 22.b4 exd4
23.e5 Nf5 24.e6 fxe6 25.Rxe6 Bf6 26.Bf4 Rde8 27.Rxe8+ Rxe8 28.Kb3 Kd8 29.Nb6 Be5
30.Bg5+ Bf6 31.Bf4 Be5  1/2-1/2

[Event "Capo d'Orso Open"]
[Site "Porto Mannu Palau ITA"]
[Date "2008.05.19"]
[Round "3"]
[White "Bruno,Fabi"]
[Black "Granda Zuniga,J"]
[Result "1/2-1/2"]
[WhiteElo "2450"]
[BlackElo "2609"]

1.Nf3 Nf6 2.c4 g6 3.g3 Bg7 4.Bg2 O-O 5.O-O d6 6.Nc3 e5 7.d4 Nbd7 8.Qc2 Re8
9.Rd1 a6 10.b3 Qe7 11.dxe5 Nxe5 12.Bg5 Qf8 13.Nxe5 Rxe5 14.Qd2 Rb8 15.Rac1 Bf5
16.Nd5 Nxd5 17.cxd5 Qe8 18.Bf3 Rc8 19.Bf4 Re7 20.Bg5 Re5 21.Bf4 Re7 22.Bg5  1/2-1/2

[Event "Capo d'Orso Open"]
[Site "Porto Mannu Palau ITA"]
[Date "2008.05.21"]
[Round "6"]
[White "Granda Zuniga,J"]
[Black "Puzzoni,C"]
[Result "1-0"]
[WhiteElo "2609"]
[BlackElo "2114"]

1.d4 d5 2.c4 e5 3.dxe5 d4 4.Nf3 Nc6 5.g3 Nge7 6.Bg2 Ng6 7.Bf4 Bf5 8.Nbd2 Qd7
9.Qa4 Be7 10.a3 f6 11.exf6 Nxf4 12.f7+ Kf8 13.gxf4 Qe6 14.Ng5 Bxg5 15.fxg5 d3
16.e3 Qxf7 17.Qb5 Re8 18.O-O-O Bd7 19.Qxb7 Ne7 20.Qxa7 h6 21.h4 Kg8 22.f4 g6
23.Qc5 Bg4 24.Rde1 Be6 25.Ne4 Rb8 26.Nf6+ Kg7 27.Qe5 Rhd8 28.Rd1 h5 29.Bd5 Bxd5
30.cxd5 Kf8 31.Rxd3 Nf5 32.Kb1 Rb6 33.Rc1 Rdb8 34.Rc2 Nd6 35.e4 c6 36.Qxd6+  1-0

[Event "Capo d'Orso Open"]
[Site "Porto Mannu Palau ITA"]
[Date "2008.05.23"]
[Round "8"]
[White "Granda Zuniga,J"]
[Black "Djuric,S"]
[Result "1/2-1/2"]
[WhiteElo "2609"]
[BlackElo "2460"]

1.d4 Nf6 2.c4 g6 3.Nf3 Bg7 4.g3 d5 5.Bg2 dxc4 6.O-O Nd5 7.Qa4+ Nc6 8.Ne5 O-O
9.Nxc6 bxc6 10.Qxc4 Rb8 11.a3 Nb6 12.Qxc6 Bb7 13.Qc2 Bxg2 14.Kxg2 Qxd4 15.Nd2 Rfc8
16.e3 Qd7 17.Rb1 Qd5+ 18.e4 Qa2 19.Re1 c5 20.Nf3 Nc4 21.Bf4 e5 22.Bd2 Nxd2
23.Qxd2 c4 24.Qd5 Rxb2 25.Rxb2 Qxb2 26.Ng5 Rf8 27.Qxc4 Qxa3 28.Rb1 Qe7 29.h4 Bf6
30.Nf3 Qd6 31.Ra1 Ra8 32.Ra6 Qd8 33.Qa4 Kg7 34.Rxa7 Rxa7 35.Qxa7 Qd3 36.Qb7 h5
37.Qc6 Qd1 38.Qc4 Qd6 39.Ne1 Bd8 40.Nd3 Bb6 41.Qb5 Bd4 42.Qc4 Qa3 43.Qc2 Qc3  1/2-1/2

[Event "Open"]
[Site "Conegliano ITA"]
[Date "2008.05.31"]
[Round "1"]
[White "Gorshkova,I"]
[Black "Granda Zuniga,J"]
[Result "0-1"]
[WhiteElo "2158"]
[BlackElo "2609"]

1.e4 c5 2.c3 Nf6 3.e5 Nd5 4.d4 e6 5.Nf3 cxd4 6.cxd4 Be7 7.Bd3 b6 8.Qe2 Bb7
9.Nc3 Nxc3 10.bxc3 d6 11.O-O O-O 12.Re1 Nd7 13.Bf4 dxe5 14.Nxe5 Rc8 15.Rac1 Nxe5
16.Bxe5 g6 17.Be4 Bxe4 18.Qxe4 Qd5 19.Rc2 Qxe4 20.Rxe4 Rc4 21.h4 Rfc8 22.h5 Rxc3
23.Rxc3 Rxc3 24.hxg6 hxg6 25.Bb8 Rc1+ 26.Kh2 Rc8 27.Bxa7 Bd8 28.d5 Ra8 29.Bxb6 Bxb6
30.dxe6 f5 31.Re2 Kg7 32.Kh3 Kf6 33.g4 Re8 34.gxf5 gxf5 35.Kg2 Rxe6 36.Rc2 Kg5
37.Kf3 Re4 38.Rb2 Ba7 39.Rc2 Ra4 40.Rb2 Bd4 41.Rc2 Kf6 42.Re2 Ra3+ 43.Kg2 Rd3  0-1

[Event "Open"]
[Site "Conegliano ITA"]
[Date "2008.06.01"]
[Round "2"]
[White "Granda Zuniga,J"]
[Black "Corvi,M"]
[Result "1-0"]
[WhiteElo "2609"]
[BlackElo "2347"]

1.d4 f5 2.c4 Nf6 3.Nc3 e6 4.e3 Be7 5.Bd3 d6 6.Qc2 Nc6 7.Nge2 Qd7 8.a3 e5
9.f3 O-O 10.O-O a5 11.Bd2 Bd8 12.Be1 Ne7 13.Bf2 Kh8 14.Rad1 Qe8 15.c5 Qh5
16.Qd2 Qh6 17.Bc2 Be6 18.e4 f4 19.cxd6 cxd6 20.dxe5 dxe5 21.Qd6 Nd7 22.Ba4 Ra6
23.Qd3 Nc6 24.Nd5 Qg5 25.Kh1 Qh5 26.Qc3 Ncb8 27.Nc7 Rf6 28.Nxa6 Rh6 29.Bg1 Bb6
30.Qc8+ Bg8 31.Bb3 Nf6 32.h3 Bxg1 33.Rd8  1-0

[Event "Open"]
[Site "Conegliano ITA"]
[Date "2008.06.01"]
[Round "3"]
[White "Naumkin,I"]
[Black "Granda Zuniga,J"]
[Result "1/2-1/2"]
[WhiteElo "2494"]
[BlackElo "2609"]

1.d4 d5 2.c4 c6 3.Nf3 Nf6 4.Nc3 e6 5.e3 Nbd7 6.Qc2 Bd6 7.Bd3 O-O 8.O-O a6
9.e4 dxc4 10.Bxc4 e5 11.Be2 Re8 12.Bg5 h6 13.Bh4 exd4 14.Nxd4 Qc7 15.Kh1 Be5
16.Rad1 Nc5 17.b4 Ne6 18.Nxe6 Bxe6 19.Bxf6 Bxf6 20.Nd5 Bxd5 21.exd5 Qe7 22.Bf3 cxd5
23.Bxd5 Rac8 24.Qb1 b5 25.Rfe1 Qa7 26.Qf5 Qd4 27.Rxe8+ Rxe8 28.Qh5 Re5 29.Qxf7+ Kh7
30.Qg8+ Kg6 31.Qf7+ Kh7 32.Qg8+ Kg6 33.Qf7+  1/2-1/2

[Event "Open"]
[Site "Conegliano ITA"]
[Date "2008.06.02"]
[Round "5"]
[White "Fontana,E"]
[Black "Granda Zuniga,J"]
[Result "0-1"]
[WhiteElo "2118"]
[BlackElo "2609"]

1.e4 c5 2.Nf3 e6 3.d4 cxd4 4.Nxd4 Nc6 5.Nc3 Qc7 6.Be3 Nf6 7.a3 a6 8.Be2 Be7
9.O-O O-O 10.Kh1 d5 11.exd5 exd5 12.Bf3 Be6 13.Re1 Rfe8 14.g3 Rad8 15.Bf4 Qc8
16.Qd2 Nxd4 17.Qxd4 Bc5 18.Qa4 Bxf2 19.Re2 Bd7  0-1

[Event "XXVIII Open"]
[Site "Benasque ESP"]
[Date "2008.07.04"]
[Round "2"]
[White "Granda Zuniga,J"]
[Black "Travesset Ribera,J"]
[Result "1-0"]
[WhiteElo "2599"]
[BlackElo "2202"]

1.e4 d5 2.exd5 Nf6 3.Bb5+ Bd7 4.Bc4 b5 5.Bb3 Bg4 6.f3 Bc8 7.Qe2 a6 8.Nc3 b4
9.Ne4 Nxd5 10.d4 e6 11.Bg5 Be7 12.Bxe7 Qxe7 13.Bxd5 exd5 14.Nc5 Nd7 15.Nd3 a5
16.Kd2 Ba6 17.Re1 Qxe2+ 18.Nxe2 O-O-O 19.Nef4 Bxd3 20.Kxd3 Nb6 21.Re7 Rd7
22.Re2 c6 23.Rhe1 Kd8 24.b3 Nc8 25.Ra1 Re8 26.Rxe8+ Kxe8 27.a3 Rb7 28.axb4 axb4
29.Ra8 Kd8 30.Kd2 Kc7 31.Nd3 Nd6 32.Nc5 Rb5 33.g4 Nb7 34.Nxb7 Rxb7 35.Rh8 Kd6
36.Rxh7 g6 37.h4 Ke6 38.Rh8 Kf6 39.Rc8 Rb6 40.Rc7 Ke6 41.Ke3 Ra6 42.Kf4 Kf6
43.Rc8 Rb6 44.Ra8 Ke6 45.Kg5 Rb7 46.h5 gxh5 47.gxh5  1-0

[Event "XXVIII Open"]
[Site "Benasque ESP"]
[Date "2008.07.06"]
[Round "4"]
[White "Granda Zuniga,J"]
[Black "Bhat,V"]
[Result "1-0"]
[WhiteElo "2599"]
[BlackElo "2483"]

1.d4 d5 2.c4 c6 3.Nf3 Nf6 4.e3 e6 5.b3 Nbd7 6.Bb2 Bd6 7.Bd3 b6 8.O-O Bb7
9.Nbd2 O-O 10.Ne5 Rc8 11.Qf3 c5 12.Qh3 h6 13.cxd5 Bxd5 14.e4 Bb7 15.Ng6 cxd4
16.Nxf8 Nxf8 17.Rac1 Bf4 18.Rcd1 e5 19.Nf3 Ne6 20.Rfe1 g5 21.g3 g4 22.Qg2 gxf3
23.Qxf3 Bg5 24.h4 Bxh4 25.gxh4 Nf4 26.Kh2 N6h5 27.Qg4+ Kh8 28.Rc1 Rc5 29.Bf1 Bc8
30.Qf3 Qxh4+ 31.Kg1 Bg4 32.Qh1 Qg5 33.Kh2 Ng6 34.Rxc5 bxc5 35.Bc1 Qf6 36.Kg1 Nh4
37.Be2 Nf3+ 38.Bxf3 Bxf3 39.Qh3 Kh7 40.Bd2 d3 41.Qf5+ Kg7 42.Rc1 Qxf5 43.exf5 Nf4
44.Rxc5 Kf6 45.Rc7 a6 46.Rd7 Be4 47.f3 Bxf5 48.Rd6+ Ke7 49.Rxh6 Ng6 50.Kf2 e4
51.Rh5 Ke6 52.fxe4 Bxe4 53.Ra5 Bb7 54.Ke3 f5 55.Kxd3 f4 56.Bc3 f3 57.Ke3 Ne7
58.Be1 Nf5+ 59.Kd3 Ne7 60.Bg3 Nc6 61.Ra4 Ne7 62.Rb4 Bc6 63.a4 Nd5 64.Rb8 Kd7
65.Rf8 Ke7 66.Rh8 Nb4+ 67.Kc4 Nc2 68.Bf2  1-0

[Event "XXVIII Open"]
[Site "Benasque ESP"]
[Date "2008.07.11"]
[Round "9"]
[White "Ubilava,E"]
[Black "Granda Zuniga,J"]
[Result "1/2-1/2"]
[WhiteElo "2525"]
[BlackElo "2599"]

1.d4 d5 2.Nf3 Nf6 3.c4 c6 4.Nc3 e6 5.e3 Nbd7 6.Qc2 Bd6 7.Bd3 O-O 8.O-O h6
9.Rd1 dxc4 10.Bxc4 Qc7 11.h3 b5 12.Bd3 Bb7 13.e4 e5 14.Be3 exd4 15.Nxd4 Rfe8
16.Nf5 Bc5 17.Rac1 Bxe3 18.Nxe3 a6 19.a4 Rad8 20.b4 Qe5 21.Nf5 g6 22.Ng3  1/2-1/2

[Event "XXVI Andorra Open"]
[Site "La Massana AND"]
[Date "2008.07.19"]
[Round "1"]
[White "Tozaki,H"]
[Black "Granda Zuniga,J"]
[Result "0-1"]
[WhiteElo "2066"]
[BlackElo "2599"]

1.d4 Nf6 2.c4 e6 3.Nf3 b6 4.g3 Ba6 5.b3 d5 6.cxd5 exd5 7.Bg2 Bd6 8.O-O O-O
9.Re1 Re8 10.Bb2 Nbd7 11.a3 Bb7 12.Nc3 a6 13.Nh4 g6 14.b4 b5 15.Qc2 Nb6 16.Rad1 Nc4
17.Bc1 Ne4 18.Nf3 Nxc3 19.Qxc3 a5 20.bxa5 Rxa5 21.Nd2 Ra4 22.Nxc4 Rxc4 23.Qb3 c6
24.Bb2 f5 25.e3 Qe7 26.Rc1 Ra8 27.Ra1 Bc8 28.Rec1 Be6 29.Bf1 Ra6 30.Rc3  0-1

[Event "XXVI Andorra Open"]
[Site "La Massana AND"]
[Date "2008.07.23"]
[Round "5"]
[White "Edouard,R"]
[Black "Granda Zuniga,J"]
[Result "1/2-1/2"]
[WhiteElo "2508"]
[BlackElo "2599"]

1.e4 c6 2.d4 d5 3.e5 Bf5 4.Nf3 e6 5.Be2 Nh6 6.O-O Bg6 7.Bg5 Be7 8.Bxe7 Qxe7
9.Nbd2 O-O 10.c4 Nd7 11.cxd5 exd5 12.Qb3 Rab8 13.Rfe1 f6 14.Bd3 Bxd3 15.Qxd3 fxe5
16.Nxe5 Nxe5 17.Rxe5 Qf6 18.Nf3 Nf7 19.Re2 Rbe8 20.Rae1  1/2-1/2

[Event "XXVI Andorra Open"]
[Site "La Massana AND"]
[Date "2008.07.27"]
[Round "9"]
[White "Granda Zuniga,J"]
[Black "Howell,D"]
[Result "1/2-1/2"]
[WhiteElo "2599"]
[BlackElo "2561"]

1.d4 Nf6 2.c4 g6 3.Nf3 Bg7 4.g3 O-O 5.Bg2 c6 6.O-O d5 7.Na3 Ne4 8.Qb3 a5
9.Bf4 a4 10.Qc2 Bf5 11.Qc1 Qb6 12.Nc2 Nd7 13.Ne3 Be6 14.Rd1 Ndf6 15.Be5 Rac8
16.Qc2 Bh6 17.Bxf6 exf6 18.Ne1 Bxe3 19.fxe3 Bf5 20.c5 Qa5 21.Bxe4 Bxe4 22.Qd2 Qc7
23.Nd3 Qd7 24.Nf2 Rfe8 25.Rf1 Bf5 26.Rac1 Re7 27.e4 Bxe4 28.Qf4 Qf5 29.Nxe4 Qxe4
30.Qxf6 Qe3+ 31.Kg2 Qxe2+ 32.Rf2 Qe6 33.Qxe6 Rxe6 34.Rc3 Re4 35.Rd2 Ra8 36.Kf2 Kf8
37.Ra3 Ree8 38.g4 Re4 39.h3 g5 40.b3 Rf4+  1/2-1/2

[Event "TCh-ESP Hon Gp1"]
[Site "Cala Mayor ESP"]
[Date "2008.09.04"]
[Round "2"]
[White "Granda Zuniga,J"]
[Black "Vang Glud,J"]
[Result "1-0"]
[WhiteElo "2599"]
[BlackElo "2441"]

1.Nf3 Nf6 2.c4 c6 3.g3 d5 4.Qc2 Bg4 5.Bg2 Nbd7 6.O-O e6 7.b3 Bc5 8.Bb2 O-O
9.e3 Re8 10.d4 Bd6 11.Ne5 Bf5 12.Qe2 Qc7 13.Nxd7 Qxd7 14.Nd2 a5 15.a3 a4
16.c5 Bc7 17.b4 e5 18.dxe5 Bxe5 19.Bxe5 Rxe5 20.Nf3 Re7 21.Nd4 Bh3 22.Rab1 Re5
23.Rfc1 Rh5 24.Bh1 Bf5 25.Nxf5 Qxf5 26.Bg2 Re8 27.b5 Rh6 28.bxc6 bxc6 29.Rb4 Nd7
30.Rxa4 Ne5 31.e4 dxe4 32.Rxe4 Rhe6 33.Rd1 g6 34.a4 h5 35.a5 Ng4 36.Rxe6 Rxe6
37.Qb2 Kh7 38.h3 Nf6 39.Qd4 Re7 40.a6 Ra7 41.Qc4 Nd7 42.Be4  1-0

[Event "I EDAMI-Cosmocaixa"]
[Site "Barcelona ESP"]
[Date "2008.09.08"]
[Round "1"]
[White "Granda Zuniga,J"]
[Black "Moskalenko,V"]
[Result "1-0"]
[WhiteElo "2599"]
[BlackElo "2569"]

1.d4 Nf6 2.c4 e5 3.dxe5 Ng4 4.e3 Nxe5 5.Nc3 g6 6.Nh3 d6 7.Nf4 Bg7 8.Be2 O-O
9.O-O Na6 10.Qd2 Nc5 11.b3 c6 12.Bb2 f5 13.Rad1 Nf7 14.b4 Ne6 15.Na4 Nxf4
16.exf4 Be6 17.Qc2 Bxb2 18.Qxb2 Re8 19.Nc5 Qe7 20.Nb3 b5 21.Rde1 bxc4 22.Bxc4 Qd7
23.Bxe6 Rxe6 24.Rd1 Qe8 25.Qc3 Rc8 26.g3 c5 27.bxc5 dxc5 28.Nxc5 Rec6 29.Rd5 Qe7
30.Rc1 R8c7 31.Qd4 h6 32.Rc3 Qf6 33.Qd2 Kh7 34.h4 h5 35.Rc2 Qe7 36.Qd4 Rd6
37.Rxd6 Qxd6 38.Qc4 Qd1+ 39.Kg2 Nd6 40.Qb3 Ne4 41.Rb2 Qxb3 42.Nxb3 Rc4 43.Na5 Ra4
44.Nc6  1-0

[Event "I EDAMI-Cosmocaixa"]
[Site "Barcelona ESP"]
[Date "2008.09.11"]
[Round "5"]
[White "Granda Zuniga,J"]
[Black "Gonzalez Garcia,J2"]
[Result "1/2-1/2"]
[WhiteElo "2599"]
[BlackElo "2506"]

1.d4 d5 2.c4 c6 3.e3 Nf6 4.Nf3 Bf5 5.Nc3 e6 6.Nh4 Be4 7.Qb3 Qc7 8.Nxe4 dxe4
9.g3 c5 10.d5 Nbd7 11.dxe6 fxe6 12.Bd2 Bd6 13.Ng2 Ne5 14.O-O-O O-O 15.Nf4 Rae8
16.h4 Nfg4 17.Be1 Nf3 18.Qc2 Bxf4 19.gxf4 Nxe1 20.Rxe1 e5 21.Bh3 Nf6 22.f5 Rd8  1/2-1/2

[Event "I EDAMI-Cosmocaixa"]
[Site "Barcelona ESP"]
[Date "2008.09.13"]
[Round "8"]
[White "Granda Zuniga,J"]
[Black "Peralta,Fe"]
[Result "1/2-1/2"]
[WhiteElo "2599"]
[BlackElo "2558"]

1.Nf3 d5 2.c4 e6 3.d4 Nf6 4.cxd5 exd5 5.Bf4 Bd6 6.Bxd6 Qxd6 7.e3 O-O 8.Bd3 Bg4
9.Nbd2 Nbd7 10.O-O Rfe8 11.Qb3 Rab8 12.Rfc1 c6 13.a4 Bxf3 14.Nxf3 Ne4 15.Qc2 Re6
16.Nd2 f5 17.Nf1 g6 18.f3 Nef6 19.Qd2 Nh5 20.g3 Ng7 21.b4 g5 22.Qc2 Qxb4
23.Bxf5 Nxf5 24.Qxf5 Qe7 25.Qd3 Rf8 26.Kg2 Nb6 27.Ra2 Qf7 28.Qe2 Nc4 29.h3 Rf6
30.Nh2 Re6 31.e4 h5 32.e5 b5 33.axb5 cxb5 34.Rf1 Qg7 35.Kh1 b4 36.f4 b3 37.Ra4 gxf4
38.gxf4 Rg6 39.e6 b2 40.Rb4 Qe7 41.Qxh5 Qxe6 42.Rb7 Qe4+ 43.Nf3 Rf7 44.Rxf7 Kxf7
45.f5 b1=Q 46.fxg6+ Kf6 47.Rxb1 Qxb1+ 48.Kh2 Qc2+ 49.Kh1 Qd1+ 50.Kg2 Qc2+
51.Kh1 Qd1+  1/2-1/2

[Event "IX Rapid Open"]
[Site "El Sauzal ESP"]
[Date "2008.11.01"]
[Round "1"]
[White "Granda Zuniga,J"]
[Black "Estevez Hernandez,C"]
[Result "1-0"]
[WhiteElo "2628"]
[BlackElo "1679"]

1.e4 c5 2.Nf3 d6 3.d4 cxd4 4.Nxd4 Nf6 5.Nc3 a6 6.Bg5 e6 7.f4 Be7 8.Qf3 Qc7
9.O-O-O Nbd7 10.Bd3 b5 11.Rhe1 Bb7 12.Qh3 b4 13.Nce2 Nc5 14.Ng3 Rc8 15.e5 dxe5
16.fxe5 Nxd3+ 17.Rxd3 Bc5 18.Ngf5 Bxd4 19.Nd6+ Ke7 20.exf6+ gxf6 21.Nf5+ Ke8
22.Nxd4 fxg5 23.Qh5 Qf4+ 24.Kb1 Ke7 25.Nxe6 fxe6 26.Qh6 Qf6 27.Rd7+ Kxd7
28.Qxf6 Bd5 29.Rf1 h6 30.g3 Kd6 31.Qd4 Rhe8 32.Qxb4+ Rc5 33.b3 Rc8 34.c4 Be4+
35.Kb2 Kd7  1-0

[Event "IX Rapid Open"]
[Site "El Sauzal ESP"]
[Date "2008.11.01"]
[Round "2"]
[White "Medina Plasencia,S"]
[Black "Granda Zuniga,J"]
[Result "0-1"]
[WhiteElo "2022"]
[BlackElo "2628"]

1.d4 Nf6 2.c4 e6 3.Nc3 d5 4.Bg5 Be7 5.Nf3 O-O 6.e3 b6 7.Bd3 Bb7 8.O-O Nbd7
9.Rc1 h6 10.Bh4 c5 11.cxd5 Nxd5 12.Bxe7 Qxe7 13.Nxd5 Bxd5 14.Bb1 Bxf3 15.Qxf3 cxd4
16.Qe4 Nf6 17.Qxd4 Rad8 18.Qa4 Rd2 19.Qb3 Qd6 20.h3 Rd8 21.Bc2 g6 22.Rfd1 Ne4
23.Rxd2 Qxd2 24.Rf1 Nc5 25.Qc3 Qxc3 26.bxc3 Kf8 27.Rc1 Ke7 28.Kf1 Rd5 29.Ke2 Rh5
30.Rb1 Nb7 31.Bd3 Ra5 32.Rb2 Nc5 33.Bc2 g5 34.f3 Kd6 35.Bb3 Kc7 36.Kd2 Nd7
37.Ke2 Rc5 38.Kd2 h5 39.Bd1 h4 40.Be2 Ra5 41.Kc2 Nf6 42.Kb3 Nd5  0-1

[Event "IX Rapid Open"]
[Site "El Sauzal ESP"]
[Date "2008.11.01"]
[Round "4"]
[White "Brito Garcia,A"]
[Black "Granda Zuniga,J"]
[Result "0-1"]
[WhiteElo "2349"]
[BlackElo "2628"]

1.d4 Nf6 2.Nf3 e6 3.c4 b6 4.a3 Bb7 5.Nc3 d5 6.Qa4+ c6 7.cxd5 exd5 8.Bg5 Be7
9.Bxf6 Bxf6 10.g3 O-O 11.Bh3 c5 12.O-O Bc6 13.Qd1 Na6 14.Rc1 Re8 15.e3 Qd6
16.Ne1 Rad8 17.Ng2 Nc7 18.Nf4 Ne6 19.Nfe2 c4 20.b4 b5 21.Qd2 Nc7 22.Bg2 a5
23.Na2 Ra8 24.Nec3 axb4 25.axb4 Ra3 26.Rb1 Rea8 27.Rb2 g6 28.Rd1 R8a7 29.e4 dxe4
30.Bxe4 Bxe4 31.Nxe4 Qxd4 32.Qxd4 Bxd4 33.Rxd4 Rxa2 34.Rxa2 Rxa2 35.Rd7 Na6
36.Nd6 c3 37.Rd8+ Kg7 38.Rc8 c2 39.Kg2 Nxb4 40.Nxb5 Nd3  0-1

[Event "IX Rapid Open"]
[Site "El Sauzal ESP"]
[Date "2008.11.01"]
[Round "5"]
[White "Granda Zuniga,J"]
[Black "Movsziszian,K"]
[Result "1-0"]
[WhiteElo "2628"]
[BlackElo "2558"]

1.d4 d6 2.Nf3 g6 3.c4 f5 4.b4 Bg7 5.Bb2 Nf6 6.Qb3 O-O 7.g3 Kh8 8.Bg2 c6 9.O-O Qe8
10.Rd1 h6 11.h4 Nbd7 12.d5 cxd5 13.cxd5 Nb6 14.Nd4 Na4 15.Bc1 Bd7 16.b5 Nc5
17.Qb2 Nh5 18.e3 g5 19.hxg5 hxg5 20.Qe2 Qg6 21.Bf3 Nf6 22.a4 Kg8 23.Nd2 Kf7
24.Ba3 Nce4 25.Rac1  1-0

[Event "IX Rapid Open"]
[Site "El Sauzal ESP"]
[Date "2008.11.02"]
[Round "6"]
[White "Todorcevic,M"]
[Black "Granda Zuniga,J"]
[Result "0-1"]
[WhiteElo "2448"]
[BlackElo "2628"]

1.Nf3 d5 2.g3 c6 3.Bg2 Bg4 4.d3 Nd7 5.h3 Bh5 6.Nbd2 e6 7.O-O Bd6 8.c4 Ne7
9.b3 O-O 10.Bb2 f6 11.Rc1 a5 12.cxd5 exd5 13.Nd4 Bf7 14.a4 Qb6 15.N2f3 Rfe8
16.Nh4 Be5 17.Qc2 Bxd4  0-1

[Event "IX Rapid Open"]
[Site "El Sauzal ESP"]
[Date "2008.11.02"]
[Round "8"]
[White "Granda Zuniga,J"]
[Black "Strikovic,A"]
[Result "1-0"]
[WhiteElo "2628"]
[BlackElo "2533"]

1.d4 d6 2.Nf3 Nf6 3.c4 g6 4.Nc3 Bg7 5.e4 O-O 6.Be2 c5 7.O-O cxd4 8.Nxd4 Nc6
9.Be3 Bd7 10.Qd2 Nxd4 11.Bxd4 Bc6 12.f3 Nd7 13.Be3 a5 14.b3 Nc5 15.Rab1 Qb6
16.Rfc1 Qb4 17.Nd5 Bxd5 18.exd5 Rfe8 19.Rc2 e6 20.dxe6 Rxe6 21.Bf1 Qxd2 22.Bxd2 h5
23.Re1 Bd4+ 24.Kh1 Rxe1 25.Bxe1 Ne6 26.Rc1 Bc5 27.Bc3 Kf8 28.Rd1 Ke7 29.g3 Nd8
30.f4 Nc6 31.Bg2 Kf8 32.Bf3 Ra6 33.f5 a4 34.fxg6 fxg6 35.Be4 axb3 36.axb3 Ne5
37.b4 Ba7 38.c5  1-0

[Event "IX Rapid Open"]
[Site "El Sauzal ESP"]
[Date "2008.11.02"]
[Round "9"]
[White "Granda Zuniga,J"]
[Black "Glek,I"]
[Result "1-0"]
[WhiteElo "2628"]
[BlackElo "2512"]

1.d4 e6 2.c4 f5 3.e3 Nf6 4.Bd3 Bb4+ 5.Nd2 O-O 6.a3 Bxd2+ 7.Bxd2 d6 8.Qc2 Nc6
9.Ne2 Qe8 10.Bc3 Kh8 11.O-O Qg6 12.f3 Qh6 13.Bd2 e5 14.dxe5 dxe5 15.Bxf5 Bxf5
16.Qxf5 Rad8 17.Qc2 e4 18.Nf4 Ne5 19.fxe4 c6 20.h3 Rfe8 21.Bc3 Nf7 22.Rad1 Rxd1
23.Rxd1 Nxe4 24.Rd7 Nfg5 25.Rxb7 Qd6 26.Qd3 Qxd3 27.Nxd3 Kg8 28.Rxa7 h6 29.Bd4 Ne6
30.Ne5 Nd6 31.Rd7 Nf5 32.Nxc6 Nexd4 33.Nxd4 Nxe3 34.c5 Rf8 35.Nf3 Nc4 36.c6 Rc8
37.c7 Kh7 38.Nd4 Nb6 39.Rd6 Nc4 40.Rc6 Ne5 41.Rc3  1-0

[Event "World Open"]
[Site "Leon ESP"]
[Date "2008.12.27"]
[Round "5"]
[White "Naiditsch,A"]
[Black "Granda Zuniga,J"]
[Result "0-1"]
[WhiteElo "2678"]
[BlackElo "2628"]

1.e4 c6 2.d4 d5 3.exd5 cxd5 4.c4 Nf6 5.Nc3 e6 6.Nf3 Bb4 7.cxd5 Nxd5 8.Qc2 Qc7
9.Bd2 Be7 10.Rc1 Nc6 11.Nxd5 exd5 12.Ne5 Bd7 13.Bb5 Rc8 14.O-O O-O 15.Qa4 Bd6
16.f4 a6 17.Bxc6 Bxc6 18.Nxc6 Qd7 19.b3 Rxc6 20.Rxc6 Qxc6 21.Qxc6 bxc6 22.Rc1 Rc8
23.f5 Kf8 24.Kf2 Ke7 25.Rc3 Kf6 26.g4 h5 27.h3 hxg4 28.hxg4 g6 29.Rf3 gxf5
30.Rxf5+ Kg6 31.Rg5+ Kf6 32.Rh5 Rg8 33.Kf3 Ke6 34.Bf4 Be7 35.Rh6+ f6 36.Bg3 Bf8
37.Rh7 Bg7 38.Rh1 Rh8 39.Re1+ Kd7 40.Rf1 Re8 41.Rh1 Rh8 42.Rh5 Ke6  0-1